[Event "Cafe Baroque International 4th"]
[Site "London"]
[Date "1994.11.20"]
[Round "5"]
[White "Holland, Christopher KD"]
[Black "Cummings, David H"]
[Result "1/2-1/2"]
[WhiteElo "2265"]
[BlackElo "2415"]
[PlyCount "135"]
[EventDate "1994.11.18"]
[EventType "tourn"]
[EventRounds "9"]
[EventCountry "ENG"]
[EventCategory "4"]
[SourceTitle "BritBase"]
[Source "John Saunders"]
[SourceDate "2023.06.01"]
[SourceVersion "1"]
[SourceVersionDate "2023.06.01"]
[SourceQuality "1"]

1. c4 Nf6 2. Nc3 g6 3. Nf3 Bg7 4. g3 O-O 5. Bg2 d6 6. O-O c6 7. d3 a6 8. Rb1 d5
9. cxd5 cxd5 10. e4 Nc6 11. e5 Ne8 12. d4 Nc7 13. Be3 Nb5 14. Rc1 Nxc3 15. Rxc3
Bf5 16. Ne1 Qd7 17. Nd3 Bxd3 18. Qxd3 f6 19. e6 Qxe6 20. Rc5 Kh8 21. Bxd5 Qd7
22. Bxc6 bxc6 23. Rfc1 f5 24. Rxc6 f4 25. Bxf4 Qxd4 26. Qxd4 Bxd4 27. R1c2 a5
28. Re6 Bf6 29. Be5 Ra7 30. b3 Kg7 31. Rc7 Rxc7 32. Bxc7 Ra8 33. Re4 Kf7 34.
Rc4 Ke6 35. Kf1 Kd7 36. Ke2 a4 37. Bf4 axb3 38. axb3 Ra2+ 39. Bd2 Rb2 40. b4
Kd6 41. Kd3 Rb3+ 42. Ke4 Rb2 43. Be3 Rb3 44. Bc5+ Ke6 45. Rc2 h5 46. f4 g5 47.
fxg5 Bxg5 48. Kd4 Kd7 49. Kc4 Rb1 50. Bd4 Kc6 51. Bb2 Re1 52. b5+ Kb7 53. Bc3
Rd1 54. Bd4 h4 55. Rf2 hxg3 56. hxg3 Rc1+ 57. Kd5 Rb1 58. Ke6 Rxb5 59. Rf5 Rxf5
60. Kxf5 Bd2 61. Bc5 Kc6 62. Bxe7 Kd7 63. Bg5 Be1 64. g4 Ke8 65. Bh6 Kf7 66. g5
Kg8 67. g6 Bc3 68. Bg5 1/2-1/2

[Event "Cafe Baroque International 4th"]
[Site "London"]
[Date "1994.11.20"]
[Round "5"]
[White "Kwiatkowski, Feliks Jerzy"]
[Black "Dive, Russell John"]
[Result "1/2-1/2"]
[WhiteElo "2260"]
[BlackElo "2315"]
[PlyCount "91"]
[EventDate "1994.11.18"]
[EventType "tourn"]
[EventRounds "9"]
[EventCountry "ENG"]
[EventCategory "4"]
[SourceTitle "BritBase"]
[Source "John Saunders"]
[SourceDate "2023.06.01"]
[SourceVersion "1"]
[SourceVersionDate "2023.06.01"]
[SourceQuality "1"]

1. e4 Nf6 2. e5 Nd5 3. d4 d6 4. Nf3 c6 5. c4 Nb6 6. Nc3 Bf5 7. Be2 dxe5 8. Nxe5
e6 9. Be3 Be7 10. O-O O-O 11. Qd2 N8d7 12. Nxd7 Qxd7 13. Rfd1 Rfd8 14. a3 Bf6
15. Rac1 h6 16. b3 Qe7 17. Qb2 Rd7 18. Rd2 Rad8 19. Rcd1 Qf8 20. b4 g5 21. a4
Nc8 22. f3 Bg6 23. Ne4 Bg7 24. Nc5 Re7 25. Bf2 Nd6 26. Bf1 Bf6 27. Nb3 Qg7 28.
Bg3 Nf5 29. Bf2 Red7 30. g4 Nh4 31. Be2 h5 32. h3 hxg4 33. hxg4 Bh7 34. Nc5 Re7
35. Ne4 Ng6 36. Bg3 Red7 37. Nxf6+ Qxf6 38. Be5 Qe7 39. Bg3 Nf4 40. Bf1 Qf6 41.
Qc3 Bg6 42. Qe3 Kg7 43. Be1 Kg8 44. Rh2 Qe7 45. Bc3 f6 46. Rhd2 1/2-1/2

[Event "Cafe Baroque International 4th"]
[Site "London"]
[Date "1994.11.20"]
[Round "5"]
[White "McDonald, Neil R"]
[Black "Harari, Zaki"]
[Result "1-0"]
[WhiteElo "2420"]
[BlackElo "2260"]
[PlyCount "77"]
[EventDate "1994.11.18"]
[EventType "tourn"]
[EventRounds "9"]
[EventCountry "ENG"]
[EventCategory "4"]
[SourceTitle "BritBase"]
[Source "John Saunders"]
[SourceDate "2023.06.01"]
[SourceVersion "1"]
[SourceVersionDate "2023.06.01"]
[SourceQuality "1"]

1. e4 e5 2. Nf3 Nc6 3. Bb5 a6 4. Ba4 Nf6 5. O-O Be7 6. Re1 b5 7. Bb3 d6 8. c3
O-O 9. d4 Bg4 10. Be3 Na5 11. dxe5 Bxf3 12. Qxf3 dxe5 13. Bc2 Nc4 14. Bc1 Qd7
15. b3 Nb6 16. h3 Rfd8 17. Nd2 Qc6 18. Nf1 a5 19. Ng3 g6 20. Bg5 Kg7 21. Rad1
b4 22. c4 h6 23. Bc1 Nfd7 24. Qg4 Kh7 25. f4 Bf6 26. f5 Bg7 27. Rf1 Nf6 28. Qh4
Rxd1 29. Bxd1 Nbd7 30. Bg4 Nxg4 31. hxg4 Qc5+ 32. Kh2 Ra6 33. fxg6+ Rxg6 34.
Rxf7 Nf6 35. g5 Ng8 36. gxh6 Nxh6 37. Bxh6 Rxh6 38. Rxg7+ Kxg7 39. Nf5+ 1-0

[Event "Cafe Baroque International 4th"]
[Site "London"]
[Date "1994.11.20"]
[Round "5"]
[White "Olesen, Martin"]
[Black "McKenna, Jason P"]
[Result "1-0"]
[WhiteElo "2320"]
[BlackElo "2175"]
[PlyCount "77"]
[EventDate "1994.11.18"]
[EventType "tourn"]
[EventRounds "9"]
[EventCountry "ENG"]
[EventCategory "4"]
[SourceTitle "BritBase"]
[Source "John Saunders"]
[SourceDate "2023.06.01"]
[SourceVersion "1"]
[SourceVersionDate "2023.06.01"]
[SourceQuality "1"]

1. e4 d6 2. d4 g6 3. Nc3 Nf6 4. Bg5 Bg7 5. Qd2 c6 6. f4 O-O 7. Nf3 Bg4 8. Bd3
Qb6 9. e5 Nd5 10. Na4 Qc7 11. O-O f6 12. exf6 exf6 13. Bh4 Bxf3 14. Rxf3 b5 15.
Nc3 Nxc3 16. Qxc3 f5 17. Re1 c5 18. Re7 Qxe7 19. Bxe7 Bxd4+ 20. Qxd4 cxd4 21.
Bxf8 Kxf8 22. Bxb5 Ke7 23. Rh3 h5 24. Rg3 Kf6 25. Be8 Na6 26. Rxg6+ Ke7 27. Bb5
Nb4 28. Bd3 Nxd3 29. cxd3 Rc8 30. Rg5 Rc2 31. Rxh5 Rxb2 32. Rxf5 Ke6 33. Rg5
Rxa2 34. h4 Rc2 35. h5 Rc7 36. Kf2 Rf7 37. Kf3 d5 38. Rg6+ Kf5 39. g4# 1-0

[Event "Cafe Baroque International 4th"]
[Site "London"]
[Date "1994.11.20"]
[Round "6"]
[White "Dive, Russell John"]
[Black "Olesen, Martin"]
[Result "0-1"]
[WhiteElo "2315"]
[BlackElo "2320"]
[PlyCount "112"]
[EventDate "1994.11.18"]
[EventType "tourn"]
[EventRounds "9"]
[EventCountry "ENG"]
[EventCategory "4"]
[SourceTitle "BritBase"]
[Source "John Saunders"]
[SourceDate "2023.06.01"]
[SourceVersion "1"]
[SourceVersionDate "2023.06.01"]
[SourceQuality "1"]

1. d4 g6 2. c4 Bg7 3. e4 d5 4. cxd5 c6 5. Nc3 cxd5 6. exd5 Nf6 7. Bb5+ Nbd7 8.
Bxd7+ Qxd7 9. Qf3 b6 10. Nge2 Bb7 11. Nf4 Rd8 12. Be3 Nxd5 13. Nfxd5 Bxd5 14.
Nxd5 Qxd5 15. Qxd5 Rxd5 16. O-O-O Kd7 17. Rd2 Rc8+ 18. Kb1 e6 19. h3 b5 20. Rc1
Rxc1+ 21. Kxc1 a6 22. Kc2 Rd6 23. Kb3 Kc6 24. Rc2+ Kb7 25. Rd2 Rd7 26. f3 Bf6
27. a4 bxa4+ 28. Kxa4 Bd8 29. b4 Rd5 30. Kb3 Rb5 31. Kc4 Be7 32. Rb2 Kc6 33.
Bd2 a5 34. Rb3 Bxb4 35. Bxb4 Rxb4+ 36. Rxb4 axb4 37. Kxb4 Kd5 38. Kc3 g5 39.
Kd3 h5 40. Kc3 f6 41. Kd3 f5 42. Kc3 e5 43. dxe5 Kxe5 44. Kd3 Kf4 45. Ke2 Kg3
46. Kf1 Kh2 47. Kf2 g4 48. hxg4 hxg4 49. f4 Kh1 50. Kg3 Kg1 51. Kh4 Kxg2 52.
Kg5 Kh3 53. Kxf5 g3 54. Ke6 g2 55. f5 g1=Q 56. f6 Qe3+ 0-1

[Event "Cafe Baroque International 4th"]
[Site "London"]
[Date "1994.11.20"]
[Round "6"]
[White "Dunworth, Christopher N"]
[Black "Cummings, David H"]
[Result "0-1"]
[WhiteElo "2220"]
[BlackElo "2415"]
[PlyCount "108"]
[EventDate "1994.11.18"]
[EventType "tourn"]
[EventRounds "9"]
[EventCountry "ENG"]
[EventCategory "4"]
[SourceTitle "BritBase"]
[Source "John Saunders"]
[SourceDate "2023.06.01"]
[SourceVersion "1"]
[SourceVersionDate "2023.06.01"]
[SourceQuality "1"]

1. d4 Nf6 2. Bg5 e6 3. e4 h6 4. Bxf6 Qxf6 5. Nc3 Bb4 6. Nf3 b6 7. Qd2 Bb7 8.
Bd3 c5 9. e5 Bxc3 10. bxc3 Qe7 11. a4 Bxf3 12. gxf3 Nc6 13. Rg1 g6 14. Be4 Rc8
15. Rg4 h5 16. Rf4 Qg5 17. Ke2 cxd4 18. Bxc6 Rxc6 19. cxd4 h4 20. c3 h3 21. a5
b5 22. a6 O-O 23. Rg4 Qxd2+ 24. Kxd2 Rfc8 25. Ra3 Rc4 26. Rh4 b4 27. cxb4 Rxb4
28. Rd3 Rb2+ 29. Ke3 Rcc2 30. Rxh3 Rxf2 31. d5 Rfe2+ 32. Kd4 Ra2 33. dxe6 dxe6
34. Rb3 Ra4+ 35. Kc5 Rxa6 36. Rb8+ Kg7 37. f4 Rc2+ 38. Kb5 Rb6+ 39. Rxb6 Rb2+
40. Kc5 axb6+ 41. Kc4 Rf2 42. Rh4 g5 43. fxg5 Kg6 44. Rg4 Rxh2 45. Rf4 Rg2 46.
Kb5 Rxg5 47. Re4 f6 48. Kxb6 Rxe5 49. Rxe5 fxe5 50. Kc5 Kf5 51. Kc4 Ke4 52. Kc3
Ke3 53. Kc2 Ke2 54. Kc3 e4 0-1

[Event "Cafe Baroque International 4th"]
[Site "London"]
[Date "1994.11.20"]
[Round "6"]
[White "Fatin, Tarek"]
[Black "Kwiatkowski, Feliks Jerzy"]
[Result "1/2-1/2"]
[WhiteElo "2385"]
[BlackElo "2260"]
[PlyCount "93"]
[EventDate "1994.11.18"]
[EventType "tourn"]
[EventRounds "9"]
[EventCountry "ENG"]
[EventCategory "4"]
[SourceTitle "BritBase"]
[Source "John Saunders"]
[SourceDate "2023.06.01"]
[SourceVersion "1"]
[SourceVersionDate "2023.06.01"]
[SourceQuality "1"]

1. c4 c5 2. g3 g6 3. Bg2 Bg7 4. Nc3 Nc6 5. Nh3 d6 6. Nf4 Nf6 7. O-O O-O 8. e3
Bg4 9. f3 Bd7 10. g4 e5 11. Nfd5 Nxd5 12. cxd5 Ne7 13. d3 b5 14. f4 f5 15. g5
exf4 16. exf4 b4 17. Nb1 Be8 18. a3 a5 19. axb4 cxb4 20. Nd2 Bf7 21. Nc4 Nxd5
22. Qa4 Bd4+ 23. Kh1 Nb6 24. Nxb6 Bxb6 25. Bd2 Rc8 26. h4 Qe8 27. Qd1 Qb5 28.
Be1 Bd4 29. Qd2 Bb3 30. Bf2 Rc2 31. Qd1 Rxb2 32. Bxd4 Bxd1 33. Bxb2 Bb3 34.
Rfe1 Re8 35. Rxe8+ Qxe8 36. Rc1 a4 37. Bb7 Qb5 38. Rc8+ Kf7 39. Rc7+ Ke6 40.
Bc8+ Kd5 41. Bb7+ Ke6 42. Bc8+ Kd5 43. Bf6 Qe8 44. Bb7+ Ke6 45. Bc8+ Kd5 46.
Bb7+ Ke6 47. Bc8+ 1/2-1/2

[Event "Cafe Baroque International 4th"]
[Site "London"]
[Date "1994.11.20"]
[Round "6"]
[White "Harari, Zaki"]
[Black "Holland, Christopher KD"]
[Result "0-1"]
[WhiteElo "2260"]
[BlackElo "2265"]
[PlyCount "74"]
[EventDate "1994.11.18"]
[EventType "tourn"]
[EventRounds "9"]
[EventCountry "ENG"]
[EventCategory "4"]
[SourceTitle "BritBase"]
[Source "John Saunders"]
[SourceDate "2023.06.01"]
[SourceVersion "1"]
[SourceVersionDate "2023.06.01"]
[SourceQuality "1"]

1. e4 c5 2. Nf3 Nf6 3. Qe2 Nc6 4. e5 Nd5 5. Qe4 e6 6. Bc4 f5 7. Qe2 Nf4 8. Qf1
Ng6 9. Qe2 Nf4 10. Qf1 Ng6 11. Qe2 Qc7 12. d3 Ncxe5 13. Nc3 a6 14. O-O b5 15.
Nd5 Nxf3+ 16. Qxf3 Qc6 17. Bb3 Bb7 18. Bg5 Bd6 19. c4 O-O 20. Rfe1 exd5 21.
cxd5 Qb6 22. h4 Ne5 23. Qh3 c4 24. Be3 Qa5 25. dxc4 bxc4 26. Bc2 Nd3 27. Red1
Bxd5 28. b3 Qc3 29. Bxd3 cxd3 30. Rac1 Qe5 31. Rxd3 Be4 32. Rd2 Rac8 33. Rcd1
Rc6 34. b4 Bc2 35. Rc1 Ba4 36. Rb1 Rfc8 37. Rd3 Rc1+ 0-1

[Event "Cafe Baroque International 4th"]
[Site "London"]
[Date "1994.11.20"]
[Round "6"]
[White "McKenna, Jason P"]
[Black "McDonald, Neil R"]
[Result "0-1"]
[WhiteElo "2175"]
[BlackElo "2420"]
[PlyCount "54"]
[EventDate "1994.11.18"]
[EventType "tourn"]
[EventRounds "9"]
[EventCountry "ENG"]
[EventCategory "4"]
[SourceTitle "BritBase"]
[Source "John Saunders"]
[SourceDate "2023.06.01"]
[SourceVersion "1"]
[SourceVersionDate "2023.06.01"]
[SourceQuality "1"]

1. e4 c5 2. Nf3 Nc6 3. d4 cxd4 4. Nxd4 e5 5. Nb5 d6 6. c4 Be7 7. N1c3 a6 8. Na3
Be6 9. Be2 Bg5 10. O-O h6 11. Nc2 Nge7 12. Ne3 O-O 13. Ned5 Bxc1 14. Rxc1 Nd4
15. Bg4 Nec6 16. f4 exf4 17. Rxf4 Qg5 18. h4 Qe5 19. Qf1 Rac8 20. b4 Bxd5 21.
Nxd5 Ne6 22. Rf2 Qxe4 23. Bh5 Ne5 24. Rc3 Qxh4 25. Rh3 Qxc4 26. Qd1 Qd4 27. Qb3
Ng5 0-1

[Event "Cafe Baroque International 4th"]
[Site "London"]
[Date "1994.11.21"]
[Round "7"]
[White "Cummings, David H"]
[Black "Harari, Zaki"]
[Result "0-1"]
[WhiteElo "2415"]
[BlackElo "2260"]
[PlyCount "122"]
[EventDate "1994.11.18"]
[EventType "tourn"]
[EventRounds "9"]
[EventCountry "ENG"]
[EventCategory "4"]
[SourceTitle "BritBase"]
[Source "John Saunders"]
[SourceDate "2023.06.01"]
[SourceVersion "1"]
[SourceVersionDate "2023.06.01"]
[SourceQuality "1"]

1. d4 c5 2. d5 e5 3. e4 d6 4. Nc3 Nf6 5. g3 Be7 6. Bh3 Bxh3 7. Nxh3 Qd7 8. Ng1
b5 9. Qe2 b4 10. Nd1 a5 11. a4 bxa3 12. Rxa3 O-O 13. Nf3 Bd8 14. Nd2 Ne8 15.
O-O f5 16. exf5 Qxf5 17. Ne4 Nd7 18. f3 Nb6 19. Ne3 Qd7 20. c4 a4 21. Ng2 Bf6
22. g4 g6 23. Bd2 Bg7 24. Bc3 Qe7 25. b3 Nf6 26. Bd2 Nxe4 27. Qxe4 Qe8 28. Ne1
axb3 29. Rxb3 Nd7 30. g5 Ra2 31. Bc1 Qa8 32. Qg4 Rf5 33. Qe4 Nf8 34. Nc2 Qa4
35. Rc3 Rf4 36. Bxf4 exf4 37. Ra3 Qxc2 38. Rxa2 Qxa2 39. Rc1 Qd2 40. Rb1 Bd4+
41. Kh1 Qf2 42. Re1 Qh4 43. Re2 Qxg5 44. Rg2 Qf6 45. Ra2 Qe5 46. Qxe5 Bxe5 47.
Ra7 g5 48. Kg2 Ng6 49. Ra8+ Kf7 50. Ra7+ Ne7 51. h4 gxh4 52. Kh3 Kf6 53. Kxh4
Nf5+ 54. Kh5 Nd4 55. Rxh7 Nxf3 56. Kg4 Kg6 57. Re7 Nd4 58. Ra7 Nf5 59. Kf3 Ne3
60. Ke4 Nxc4 61. Ra2 Ne3 0-1

[Event "Cafe Baroque International 4th"]
[Site "London"]
[Date "1994.11.21"]
[Round "7"]
[White "Holland, Christopher KD"]
[Black "McKenna, Jason P"]
[Result "0-1"]
[WhiteElo "2265"]
[BlackElo "2175"]
[PlyCount "78"]
[EventDate "1994.11.18"]
[EventType "tourn"]
[EventRounds "9"]
[EventCountry "ENG"]
[EventCategory "4"]
[SourceTitle "BritBase"]
[Source "John Saunders"]
[SourceDate "2023.06.01"]
[SourceVersion "1"]
[SourceVersionDate "2023.06.01"]
[SourceQuality "1"]

1. c4 Nf6 2. Nc3 g6 3. Nf3 Bg7 4. g3 O-O 5. Bg2 d6 6. O-O e5 7. d3 Nc6 8. Rb1
Bf5 9. b4 Qd7 10. Bg5 Rfe8 11. Bxf6 Bxf6 12. Nd5 Bg7 13. Nd2 Nd8 14. b5 c6 15.
bxc6 bxc6 16. Nb4 Bh3 17. Bxh3 Qxh3 18. Qa4 Qd7 19. Rb3 Rc8 20. Nd5 Ne6 21. Ne4
Qd8 22. Ndc3 f5 23. Qxa7 fxe4 24. Nxe4 d5 25. cxd5 cxd5 26. Nd2 Re7 27. Qe3 Nd4
28. Rb2 Rec7 29. Nb3 Nf5 30. Qb6 Qd6 31. Qa5 e4 32. Rbb1 e3 33. fxe3 Nxe3 34.
Rf3 d4 35. h3 Rc2 36. Kf2 Rf8 37. Nd2 Be5 38. Ne4 Rxf3+ 39. Kxf3 Qf8+ 0-1

[Event "Cafe Baroque International 4th"]
[Site "London"]
[Date "1994.11.21"]
[Round "7"]
[White "Kwiatkowski, Feliks Jerzy"]
[Black "Dunworth, Christopher N"]
[Result "1/2-1/2"]
[WhiteElo "2260"]
[BlackElo "2220"]
[PlyCount "124"]
[EventDate "1994.11.18"]
[EventType "tourn"]
[EventRounds "9"]
[EventCountry "ENG"]
[EventCategory "4"]
[SourceTitle "BritBase"]
[Source "John Saunders"]
[SourceDate "2023.06.01"]
[SourceVersion "1"]
[SourceVersionDate "2023.06.01"]
[SourceQuality "1"]

1. e4 g6 2. d4 d6 3. Nc3 c6 4. a4 Bg7 5. Nf3 Nf6 6. Be2 O-O 7. O-O Nbd7 8. h3
e5 9. dxe5 dxe5 10. Be3 Qe7 11. Nd2 Nc5 12. Qc1 a5 13. Rd1 Be6 14. b3 Rfd8 15.
Qa3 Bf8 16. f3 Nh5 17. Kh2 Rd4 18. g3 Rad8 19. Qc1 f5 20. Nf1 Rxd1 21. Bxd1 f4
22. Bf2 fxg3+ 23. Bxg3 Nxg3 24. Kxg3 h5 25. h4 Kh7 26. Qg5 Qe8 27. Qe3 Bc8 28.
Ne2 Qe6 29. Ng1 b6 30. Be2 Bh6 31. Qc3 Bf4+ 32. Kg2 Qf6 33. Qc4 Be6 34. Qc3
Qxh4 35. Rd1 Rxd1 36. Bxd1 Qd8 37. Be2 Qd7 38. Bc4 g5 39. Bxe6 Qxe6 40. Ne2 g4
41. Nfg3 Qg6 42. fxg4 Bxg3 43. Nxg3 h4 44. Qxe5 hxg3 45. Qe7+ Kg8 46. Qd8+ Kf7
47. Qc7+ Ke8 48. Qxb6 Qxe4+ 49. Kxg3 Qe1+ 50. Kh3 Ne4 51. Qxc6+ Ke7 52. Qc7+
Kf6 53. Qf4+ Ke6 54. g5 Qh1+ 55. Kg4 Qd1+ 56. Qf3 Qd5 57. Qf4 Qd1+ 58. Qf3 Nf2+
59. Kg3 Qg1+ 60. Kf4 Qh2+ 61. Ke3 Nh3 62. Qf6+ Kd7 1/2-1/2

[Event "Cafe Baroque International 4th"]
[Site "London"]
[Date "1994.11.21"]
[Round "7"]
[White "McDonald, Neil R"]
[Black "Dive, Russell John"]
[Result "1-0"]
[WhiteElo "2420"]
[BlackElo "2315"]
[PlyCount "37"]
[EventDate "1994.11.18"]
[EventType "tourn"]
[EventRounds "9"]
[EventCountry "ENG"]
[EventCategory "4"]
[SourceTitle "BritBase"]
[Source "John Saunders"]
[SourceDate "2023.06.01"]
[SourceVersion "1"]
[SourceVersionDate "2023.06.01"]
[SourceQuality "1"]

1. e4 e5 2. f4 exf4 3. Nf3 h5 4. d4 g5 5. Bc4 h4 6. O-O Nh6 7. Nxg5 Qxg5 8.
Bxf4 Qg4 9. Bxf7+ Kd8 10. Qxg4 Nxg4 11. h3 Nh6 12. Be5 Nxf7 13. Bxh8 Ke8 14.
Bf6 b6 15. Nc3 Bb7 16. Nd5 Bd6 17. Bxh4 Bxd5 18. exd5 Na6 19. Rf5 1-0

[Event "Cafe Baroque International 4th"]
[Site "London"]
[Date "1994.11.21"]
[Round "7"]
[White "Olesen, Martin"]
[Black "Fatin, Tarek"]
[Result "1/2-1/2"]
[WhiteElo "2320"]
[BlackElo "2385"]
[PlyCount "111"]
[EventDate "1994.11.18"]
[EventType "tourn"]
[EventRounds "9"]
[EventCountry "ENG"]
[EventCategory "4"]
[SourceTitle "BritBase"]
[Source "John Saunders"]
[SourceDate "2023.06.01"]
[SourceVersion "1"]
[SourceVersionDate "2023.06.01"]
[SourceQuality "1"]

1. e4 c5 2. Nf3 Nc6 3. d4 cxd4 4. Nxd4 a6 5. Nc3 e6 6. g3 Qc7 7. Bg2 b5 8. O-O
Bb7 9. Re1 Be7 10. a4 Nxd4 11. Qxd4 e5 12. Qd3 b4 13. Nd5 Bxd5 14. exd5 d6 15.
Rxe5 Kf8 16. Re4 a5 17. Bf4 Bf6 18. Qc4 Qd8 19. Rae1 Ne7 20. h4 h6 21. h5 Rg8
22. Qe2 g5 23. hxg6 Rxg6 24. Qh5 Kg7 25. R4e2 Bg5 26. Bxg5 Rxg5 27. Qf3 Ng6 28.
Re8 Re5 29. R8xe5 Nxe5 30. Qe4 Rc8 31. Qf5 Rc5 32. Be4 Qg5 33. Qh7+ Kf8 34. Kg2
Qf6 35. Rh1 Ng4 36. Bf3 Ne5 37. Be4 Ng4 38. Bf3 Ne5 39. Qxh6+ Qxh6 40. Rxh6
Rxc2 41. Rxd6 Rxb2 42. Ra6 Rd2 43. Rxa5 Nd3 44. Be4 Rxf2+ 45. Kh3 Rd2 46. Kh4
Ne5 47. Kg5 Nc4 48. Ra8+ Kg7 49. Rb8 f6+ 50. Kg4 Rd4 51. Kf3 b3 52. g4 b2 53.
a5 Nd2+ 54. Ke3 Rxe4+ 55. Kxd2 Ra4 56. Rxb2 1/2-1/2

[Event "Cafe Baroque International 4th"]
[Site "London"]
[Date "1994.11.21"]
[Round "8"]
[White "Dive, Russell John"]
[Black "Holland, Christopher KD"]
[Result "1/2-1/2"]
[WhiteElo "2315"]
[BlackElo "2265"]
[PlyCount "80"]
[EventDate "1994.11.18"]
[EventType "tourn"]
[EventRounds "9"]
[EventCountry "ENG"]
[EventCategory "4"]
[SourceTitle "BritBase"]
[Source "John Saunders"]
[SourceDate "2023.06.01"]
[SourceVersion "1"]
[SourceVersionDate "2023.06.01"]
[SourceQuality "1"]

1. d4 Nf6 2. c4 g6 3. Nc3 Bg7 4. e4 d6 5. Nge2 O-O 6. Ng3 e5 7. d5 a5 8. Rb1
Bd7 9. Bd3 Na6 10. O-O h5 11. Bg5 Qe8 12. Qd2 Nh7 13. Bh6 h4 14. Bxg7 Kxg7 15.
Nge2 f5 16. h3 Nb4 17. Rbd1 Nxd3 18. Qxd3 g5 19. exf5 Bxf5 20. Qe3 Qg6 21. f3
b6 22. Ne4 Bxe4 23. fxe4 Nf6 24. Nc3 Nh5 25. Rxf8 Rxf8 26. Rf1 Rxf1+ 27. Kxf1
Ng3+ 28. Kf2 g4 29. hxg4 Qxg4 30. Qf3 Qg5 31. Ne2 Nh5 32. b3 Nf6 33. Kg1 Qd2
34. g3 Qg5 35. Kg2 Ng4 36. gxh4 Qxh4 37. Ng3 Qh2+ 38. Kf1 Qh3+ 39. Kg1 Qh2+ 40.
Kf1 Qh3+ 1/2-1/2

[Event "Cafe Baroque International 4th"]
[Site "London"]
[Date "1994.11.21"]
[Round "8"]
[White "Dunworth, Christopher N"]
[Black "Harari, Zaki"]
[Result "1/2-1/2"]
[WhiteElo "2220"]
[BlackElo "2260"]
[PlyCount "122"]
[EventDate "1994.11.18"]
[EventType "tourn"]
[EventRounds "9"]
[EventCountry "ENG"]
[EventCategory "4"]
[SourceTitle "BritBase"]
[Source "John Saunders"]
[SourceDate "2023.06.01"]
[SourceVersion "1"]
[SourceVersionDate "2023.06.01"]
[SourceQuality "1"]

1. d4 f5 2. Bg5 h6 3. Bh4 g5 4. Bg3 Nf6 5. e3 Bg7 6. h4 d6 7. Nc3 e6 8. Bd3 Qe7
9. Nh3 Nc6 10. Qe2 Nb4 11. O-O-O Nxd3+ 12. Rxd3 Bd7 13. Rdd1 g4 14. Nf4 Qf7 15.
Qc4 Kd8 16. h5 a6 17. d5 exd5 18. Ncxd5 Nxd5 19. Nxd5 Be6 20. Qb3 b5 21. c4
bxc4 22. Qxc4 Rc8 23. Qd3 Bxd5 24. Qxd5 Qxd5 25. Rxd5 Rb8 26. b3 Rf8 27. Ra5
Rb6 28. Rd1 Ke7 29. Kd2 Ke6 30. Rc1 Rf7 31. Rc4 c5 32. Rca4 Ra7 33. Bf4 Kd5 34.
Kd3 Kc6 35. e4 fxe4+ 36. Rxe4 Rf7 37. Be3 Rf5 38. Raa4 g3 39. fxg3 Rxh5 40. Rg4
Be5 41. Bf4 Kd5 42. Rh4 Rxh4 43. gxh4 h5 44. Bxe5 dxe5 45. g4 hxg4 46. Rxg4 Rf6
47. Rg3 Rf2 48. Rh3 e4+ 49. Kc3 Rf6 50. h5 Rh6 51. Kd2 Kd4 52. Rh4 a5 53. a4
Kd5 54. Ke3 Rb6 55. h6 Rxb3+ 56. Kd2 Rb8 57. h7 Rh8 58. Kc3 Ke5 59. Kc4 Kf5 60.
Kxc5 e3 61. Rh1 Ke4 1/2-1/2

[Event "Cafe Baroque International 4th"]
[Site "London"]
[Date "1994.11.21"]
[Round "8"]
[White "Fatin, Tarek"]
[Black "McDonald, Neil R"]
[Result "1/2-1/2"]
[WhiteElo "2385"]
[BlackElo "2420"]
[PlyCount "124"]
[EventDate "1994.11.18"]
[EventType "tourn"]
[EventRounds "9"]
[EventCountry "ENG"]
[EventCategory "4"]
[SourceTitle "BritBase"]
[Source "John Saunders"]
[SourceDate "2023.06.01"]
[SourceVersion "1"]
[SourceVersionDate "2023.06.01"]
[SourceQuality "1"]

1. Nf3 Nf6 2. c4 g6 3. g3 Bg7 4. Bg2 O-O 5. Nc3 d6 6. O-O e5 7. d3 Nc6 8. Rb1
Nd4 9. b4 c6 10. b5 Bd7 11. Ba3 Qc7 12. Ng5 Rfd8 13. e3 Ne6 14. Nge4 Nxe4 15.
Nxe4 Be8 16. bxc6 bxc6 17. Qb3 Rab8 18. Qc2 Rxb1 19. Rxb1 f5 20. Nc3 Rb8 21.
Bb4 Bd7 22. Bf1 Nc5 23. Qc1 Na6 24. Qa3 Nxb4 25. Rxb4 Rxb4 26. Qxb4 Bf8 27. Qb3
Kg7 28. d4 exd4 29. exd4 Be7 30. Ne2 Bf6 31. Qa3 Qb8 32. h4 f4 33. h5 fxg3 34.
Qxg3 Qf8 35. hxg6 hxg6 36. Nf4 Bf5 37. Bd3 Kf7 38. Bxf5 gxf5 39. Qg6+ Ke7 40.
d5 cxd5 41. Nxd5+ Ke6 42. Kf1 Qf7 43. Qh6 Qg7 44. Qh5 Qf7 45. Qe2+ Kd7 46. Qc2
Bd4 47. Qa4+ Ke6 48. Qc6 Qd7 49. Nf4+ Ke7 50. Ng6+ Kd8 51. Qd5 Bb6 52. Qa8+ Kc7
53. Nf4 Qc6 54. Nd5+ Kd7 55. Qxc6+ Kxc6 56. Ke2 Bxf2 57. Kxf2 Kc5 58. Ne3 f4
59. Nd1 Kxc4 60. Kf3 Kb4 61. Kxf4 Ka3 62. Nc3 Kb2 1/2-1/2

[Event "Cafe Baroque International 4th"]
[Site "London"]
[Date "1994.11.21"]
[Round "8"]
[White "Kwiatkowski, Feliks Jerzy"]
[Black "Olesen, Martin"]
[Result "1/2-1/2"]
[WhiteElo "2260"]
[BlackElo "2320"]
[PlyCount "160"]
[EventDate "1994.11.18"]
[EventType "tourn"]
[EventRounds "9"]
[EventCountry "ENG"]
[EventCategory "4"]
[SourceTitle "BritBase"]
[Source "John Saunders"]
[SourceDate "2023.06.01"]
[SourceVersion "1"]
[SourceVersionDate "2023.06.01"]
[SourceQuality "1"]

1. e4 c5 2. Nf3 d6 3. d4 Nf6 4. Nc3 cxd4 5. Nxd4 g6 6. g3 Nc6 7. Nde2 Bg7 8.
Bg2 O-O 9. O-O Rb8 10. a4 a6 11. b3 b5 12. axb5 axb5 13. Bb2 e6 14. Nf4 b4 15.
Nce2 Bb7 16. Ra4 Qb6 17. Nd3 Ra8 18. Rxa8 Rxa8 19. e5 dxe5 20. Nxe5 Nxe5 21.
Bxb7 Qxb7 22. Bxe5 Qe4 23. Ba1 h5 24. Nf4 Rc8 25. Nd3 Nd5 26. Re1 Qf5 27. Bxg7
Kxg7 28. Nxb4 Nxb4 29. Qd4+ Qf6 30. Qxb4 Rxc2 31. Rf1 Rb2 32. h4 Kh7 33. Qb7 e5
34. b4 Kg7 35. b5 Qd6 36. Rc1 Qd4 37. Rf1 Qd3 38. b6 Qd4 39. Qc7 Rxb6 40. Qe7
Rb2 41. Qg5 Re2 42. Qc1 Qe4 43. Qc3 Qf5 44. Kg2 Qe4+ 45. Kg1 Kh7 46. Qb3 Qf5
47. Qd5 Rb2 48. Kg2 Kg7 49. Kg1 Re2 50. Kg2 Qg4 51. Rc1 Qf5 52. Qf3 Qxf3+ 53.
Kxf3 Ra2 54. Kg2 Kf6 55. Rc6+ Kf5 56. Rb6 Rd2 57. Ra6 e4 58. Ra5+ Ke6 59. Ra6+
Ke5 60. Ra5+ Rd5 61. Ra7 f6 62. Re7+ Kf5 63. Re8 Re5 64. Ra8 Kg4 65. Ra4 g5 66.
hxg5 Kxg5 67. Rb4 Kf5 68. Ra4 Rb5 69. Rc4 Rb2 70. Kg1 Rb5 71. Kg2 Ke5 72. Rc8
Kf5 73. Rh8 Kg6 74. Rg8+ Kf7 75. Rc8 Rd5 76. Kf1 Kg6 77. Rg8+ Kf5 78. Ke2 Ra5
79. Rg7 Ra2+ 80. Ke3 Ra3+ 1/2-1/2